000 01286nam a2200313Ia 4500
005 20240530110941.0
008 140319s1988 xx 000 0 ara d
040 _aGCL /
_cGCL
082 0 4 _a410 /
_bف ت
100 0 _aفؤاد سزكين
245 1 0 _aتاريخ التراث العربى المجلد الثامن الجزء الاول :
_bعلم اللغة الى حوالى سنة 430 هـ /
_cتاليف فؤاد سزكين ؛ مترجم عرفه مصطفى ؛ مراجع مازن عماوى
260 _aالسعودية :
_bجامعة الامام محمد بن سعود الاسلامية - ادارة الثقافة والنشر ،
_c1983
300 _a458 ص ؛
_c24 سم.
650 0 4 _aالفقه
650 0 4 _aالتراث
650 0 4 _aالعقائد الاسلامية
650 0 4 _aالتصوف
650 0 4 _aاللغة العربية
650 0 4 _aالشعر
650 0 4 _aعلوم القران
650 0 4 _aالمخطوطات العربية
650 0 4 _aالببليوجرافيات المتخصصة
650 0 4 _aالتأريخ
650 0 4 _aالحديث - فهارس
700 1 _aعرفة مصطفى
_eمترجم
710 _aمازن عماوى
_eمراجع
942 _2ddc
_cBK
999 _c66828
_d66828